MDQL
is popping MORE tags! Check the
thread
!
Quizzes
Events
Quiz Creation
Community
Videos
Private Events
Remove Ads
Sign In
Join for FREE
Feedback
Dark Mode
Quiz Categories
Sports
Geography
Music
Movies
Television
Just For Fun
Miscellaneous
History
Literature
Language
Science
Gaming
Entertainment
Religion
Holiday
For Kids
Quiz Lab
Recent
Popular Today
Quiz Kudos Today
Editor Picks
Curator Picks
Quizzes by...
Day
Popularity
Type
Ratings
Length
Year
Community
Subscriptions
Recent Discussions
Orange Saloon
Badges
Playlists
Quests
Create
Leaderboards
Showdown
Live 5
Trivia Bingo
Activity
Puzzle Library
Sporcle Events
Private Events
Virtual Trivia
Globe League
Become a Host
Pub Owners
SporcleCon
Opinionation
Our Games
Videos
Blog
Mobile Apps
Partnerships
Remove Ads and Go Orange
Feedback
Music
Pop Music
The Beatles
Song
Album
Lyrics
Bands
Singers
Artist
Clip
Rock
Rap
Classical
Billboard
Country Music
Kpop
Taylor Swift
Music
Pop Music
The Beatles
Song
Album
Lyrics
Bands
Singers
Artist
Clip
Rock
Rap
Classical
Billboard
Country Music
Kpop
Taylor Swift
Random Quiz
Search Sporcle
×
Quiz Lab
Quiz Lab
Music
Singers
Type in answers that appear in a list
Type in answers that appear in a list
Classic
Best Score? Go Orange.
Al Jolson - Mammy lyrics Stats
Can you name the Al Jolson - Mammy lyrics?
By
ClassicHollywood
3m
141 Questions
38 Plays
38 Plays
38 Plays
Comments
Comments
Give Quiz Kudos
Give Quiz Kudos
-
- Ratings
hide this ad
More Info
Replay
Link that replays current quiz
Next Quiz
Link to next quiz in quiz playlist
You Got
0%
They Got
Avg Score
58%
Avg Friend Score
Upgrade to see
Score Distribution
Jump to the score distribution portion of the page
Score
0/141
Timer
03:00
0
Plays Today
% Correct
Mammy
86.8%
Mammy
86.8%
Mammy
86.8%
Mammy
86.8%
Mammy
86.8%
Mammy
86.8%
Mammy
86.8%
Mammy
86.8%
Mammy
86.8%
Mammy
86.8%
Mammy
86.8%
Mammy
86.8%
Mammy
86.8%
Mammy
86.8%
Mammy
86.8%
I
84.2%
I
84.2%
I
84.2%
I
84.2%
I
84.2%
I
84.2%
I
84.2%
You
81.6%
You
81.6%
You
81.6%
A
78.9%
A
78.9%
My
73.7%
My
73.7%
My
73.7%
My
73.7%
My
73.7%
My
73.7%
My
73.7%
The
71.1%
The
71.1%
The
71.1%
The
71.1%
The
71.1%
The
71.1%
Sun
60.5%
East
60.5%
Sun
60.5%
West
60.5%
Sun
60.5%
Your
60.5%
Sun
60.5%
% Correct
East
60.5%
Sun
60.5%
West
60.5%
Sun
60.5%
Your
60.5%
Your
60.5%
Shines
57.9%
Shines
57.9%
Know
57.9%
Shines
57.9%
Best
57.9%
Shines
57.9%
Shines
57.9%
Know
57.9%
Shines
57.9%
Best
57.9%
Know
57.9%
Where
55.3%
I'm
55.3%
I'm
55.3%
I'm
55.3%
I'm
55.3%
I'm
55.3%
Where
55.3%
I'm
55.3%
I'm
55.3%
I'm
55.3%
I'm
55.3%
Are
52.6%
Around
52.6%
Alabamy
52.6%
Coming
52.6%
Wait
52.6%
Coming
52.6%
Not
52.6%
On
52.6%
Are
52.6%
Around
52.6%
Alabamy
52.6%
Coming
52.6%
Wait
52.6%
Not
52.6%
Heart
50%
Strings
50%
Tangled
50%
Hope
50%
And
50%
% Correct
For
50%
For
50%
Little
50%
Little
50%
Heart
50%
Strings
50%
Tangled
50%
Hope
50%
Hope
50%
Little
50%
For
50%
For
50%
But
47.4%
Late
47.4%
I'd
47.4%
One
47.4%
Of
47.4%
Smiles
47.4%
But
47.4%
Late
47.4%
I'd
47.4%
One
47.4%
Of
47.4%
Smiles
47.4%
Walk
44.7%
Million
44.7%
Me
44.7%
Walk
44.7%
Million
44.7%
Sorry
42.1%
Miles
42.1%
Sorry
42.1%
Miles
42.1%
Made
36.8%
Didn't
36.8%
Make
36.8%
Trust
34.2%
It's
34.2%
It's
34.2%
Baby
31.6%
Don't
23.7%
Talking
21.1%
About
21.1%
Oh
21.1%
God
15.8%
Nobody
13.2%
Else's
13.2%
Quiz Playlist
Details
Report
Send in Message
Add To Playlist
More Info:
Can you get all the lyrics to Al Jolson's classic, Mammy, from 'The Jazz Singer' (1927)?
Classic:
Type in answers that appear in a list
Last Updated: Feb 16, 2017
Quiz Scoreboard
CHALLENGE
Sign Up to Join the Scoreboard
Show All
Scores
Hide
Comments
May contain spoilers
Recently Published
5x2 Blitz: Bands
by SL_Kpop136
Music
30s
Colored Red Africa Blitz
by spor1
Geography
30s
Find the 'City' Movie
by crazypaving
Movies
60s
More to Explore
Quiz From the Vault
Featured Blog Post
14 Easter Pick-up Lines to Find Eggs With
hide this ad
You Might Also Like...
Tags
Lyrics Quiz
Singers Quiz
1927
Al
Jazz
Today's Top Quizzes in Music
Browse Music
hide this ad
Today's Top Quizzes in Singers
Browse Singers
Top Contributed Quizzes in Music
1
5X2 Blitz: Bands II
2
5X2 Blitz: The Beatles
3
Taylor Swift All Songs (2024)
4
5X2 Blitz: Billboard
5
Taylor Swift Logic Puzzle II
6
5X2 Blitz: Billboard II
7
5X2 Blitz: Singers
8
5X2 Blitz: Album
9
5X2 Blitz: Rock
10
5X2 Blitz: Lyrics
Explore More
Trending Topics
Anime
Marvel
Disney
Kpop
NBA
Crossword
Harry Potter
Puzzle
Pokémon
Song
Soccer
NFL
WWE
Country
The Office
hide this ad
More By:
ClassicHollywood
Quiz
Plays
Rating
Category
Featured
Created
Alfred Hitchcock's Highest Rated Films
664
3.88
Movies
Feb 1, 2013
What's My Line? Mystery Guests
322
5.00
Television
Dec 31, 2012
150 Highest Rated IMDB Films (1938-61)
272
4.80
Movies
Jan 15, 2013
Audrey Hepburn Tribute
235
5.00
Movies
Jan 20, 2013
Classic Hollywood jumbles
209
4.00
Movies
Jan 5, 2013
Go to Creator's Profile
Score Distribution
Quiz Creator Spotlight
ClassicHollywood
Follow
Send a Message
Quizzes Created
-
Created Quiz Play Count
-
More By This Creator
Popular Quizzes Today
1
Colored Red Africa Blitz
2
Find the 'City' Movie
3
Find the US States - No Outlines Minefield
4
5x2 Blitz: Bands
5
The Countries of the World
6
Find the US States
7
US States
8
Find the Countries of Europe - No Outlines Minefield
More Music Quizzes
BLΛƆKPIИK Birth Country
Quiz Lab
Trending Quizzes
Colored Red Europe Blitz I
Colored Red Africa Blitz II
Colored Red Europe Blitz II
Colored Red Europe Blitz III
Colored Red Africa Blitz III
Recently Updated
How Do You Spell That?
pecheneg
Godzilla Movies
pecheneg
Grab Bag: 4-10 Letters
pecheneg
2024 March Madness Bracket
pecheneg
Famous TV Couples
Peacemaker
Champions League XIs: Real Madrid
pecheneg
Largest US Cities 1790-2010
pecheneg
Rides in Walt Disney World
pecheneg
Most Oscar Losses (Acting)
pecheneg
Beyoncé Albums
pecheneg
Trending Topics
Marvel
Disney
Harry Potter
Kpop
Crossword
NBA
Anime
WWE
Pokémon
The Office
NFL
Soccer
Puzzle
Song
Country
Your Account Isn't Verified!
In order to create a playlist on Sporcle, you need to verify the email address you used during registration. Go to your
Sporcle Settings
to finish the process.
Report this User
Report this user for behavior that violates our
Community Guidelines
.
Details:
Send Report
Go to the Sporcle.com Mobile Site →
Comments